000 00512nam a2200193Ia 4500
005 20250423095408.0
008 250422s9999 xx 000 0 und d
020 _a9780849300721
050 _aRA 1063.4 .D59/
100 _aDi Maio J. Vincent
245 0 _aForensic pathology
250 _a2nd ed.
260 _aBoca Raton
260 _bCRC/Taylor & Francis
260 _c2001
300 _a298 p
650 _a Forensic pathology--Handbooks, manuals, etc. Autopsy--Handbooks, manuals
942 _cBK
999 _c30146
_d30146